000 00242nam a22000977a 4500
999 _c263784
_d263783
020 _a33358000940398
100 _aHerbert H. Wong and Matthew F. Vessel
245 _aMy ladybug
260 _aReading, Mass
_b Addison-Wesley
_c1969
942 _cBK